| 000 | 00509nam a2200181 a 4500 | ||
|---|---|---|---|
| 005 | 20220905063541.0 | ||
| 008 | 030306s19942001mx r 000 0 spa d | ||
| 020 | _a9681326415 | ||
| 035 | _aUPN01000122571 | ||
| 049 | _aCG | ||
| 050 | 4 |
_aPQ8179 G6.7 _bD4 |
|
| 100 | 1 |
_aGarcía Márquez, Gabriel, _d1928-2014 |
|
| 245 | 0 |
_aDel amor y otros demonios / _cGabriel García Márquez. |
|
| 260 |
_aMéxico : _bDiana, _c1994 (2001 impr.) |
||
| 300 | _a201 p. | ||
| 650 | 0 |
_aNovela colombiana _95359 |
|
| 905 | _aLibro | ||
| 999 |
_c94757 _d94757 |
||